000 01076nam1a22003011 4500
001 v19\rc\1910921
005 20251118180556.0
035 _a(NLR Aleph) 004999455
090 _a6370924
_c6370924
100 _a20080404d1911 u y0rusy50 ca
101 0 _arus
102 _aRU
105 _ay z |||||
200 1 _aСочинения на темы по русскому языку
_f[Сост.] П. Л.
205 _a5-е изд., пересмотр. и испр. Вып. 1-
210 _aСанкт-Петербург
_cтип. "Герольд"
_d1911
215 _d23
300 _aЗагл. вып. 2 изд. 2-3: Сочинения и планы-конспекты на темы по русскому языку
517 0 _aСочинения и планы-конспекты на темы по русскому языку
702 0 _aП. Л.
_4220
801 0 _aRU
_bNLR
_gpsbo
801 0 _aRU
_bRuMoRGB
_2psbo
801 1 _aRU
_bProSoft-M
_2rusmarc
852 _aNLR
_j37.29.8.71
899 _aRuMoRGB
_jU 8/1515
899 _aБАН
942 _cBOOK
980 _aNB